Variación de la adsorción de cationes por el suelo con la concentración y la temperatura : comprobación de la ecuación hiperbólica de Vageler /
Guardado en:
| Autor Principal: | |
|---|---|
| Otros Autores: | , , |
| Formato: | Libro |
| Idioma: | Undetermined |
| Etiquetas: |
Agregar Etiqueta
Sin Etiquetas, Sea el primero en etiquetar este registro!
|
| LEADER | 00677nam a22001455a 4500 | ||
|---|---|---|---|
| 001 | EEA.libagro010600 | ||
| 008 | 151120s1964####xx############000#0#und#d | ||
| 005 | 20200220090657.0 | ||
| 245 | 1 | 0 | |a Variación de la adsorción de cationes por el suelo con la concentración y la temperatura : |b comprobación de la ecuación hiperbólica de Vageler / |c Carlos E. Prélat, Carlos A. Mazza, Reynaldo L. Grassi y Waldo Vallejos. |
| 773 | 0 | |t Anales de Edafología y Agrobiología. |g t. XXIII, nº 1-2, pp. 25-34, 1964. | |
| 100 | 1 | |a Prélat, Carlos E. | |
| 700 | 1 | |a Mazza, Carlos A. | |
| 700 | 1 | |a Grassi, Reynaldo L. | |
| 700 | 1 | |a Vallejos, Waldo E. | |
| 859 | |a AR-BbBCA |b BIB. AGRONOMIA |h S631.41 |i P924 |p 1975/0011 | ||
